| 000 | 00412nam a22001455i 4500 | ||
|---|---|---|---|
| 001 | 171462 | ||
| 003 | ES-MaACL | ||
| 005 | 20230906214635.0 | ||
| 008 | 090518s1970 sp |||| | spa d | ||
| 100 | 1 |
_aSola, Mariano. _9140183 |
|
| 245 | 1 | 0 |
_aIndalianas _b: [hombres y paisajes] / _cMariano Sola. |
| 260 |
_a[Madrid : _bCastillo, _c1970] |
||
| 300 |
_a202 p. ; _c22 cm. |
||
| 852 |
_aES-MaACL _jC-44751 _9R.74536 |
||
| 999 |
_c171462 _d171462 |
||